A world of equals: (Record no. 191558)

MARC details
000 -LEADER
fixed length control field 00708nam a22002057a 4500
005 - DATE AND TIME OF LATEST TRANSACTION
control field 20220829165639.0
010 ## - LCCN (DPL NO)
LC control number ENG-134765
020 ## - INTERNATIONAL STANDARD BOOK NUMBER
International Standard Book Number 9789354420962
Terms of availability 195.00
035 ## - SYSTEM CONTROL NUMBER
System control number EN-118297
037 ## - SOURCE OF ACQUISITION
Source of stock number/acquisition DBAD/PUB
082 ## - DEWEY DECIMAL CLASSIFICATION NUMBER
Classification number 305.420954
245 ## - TITLE STATEMENT
Title A world of equals:
Remainder of title a textbook on gender/
Statement of responsibility, etc edited by Susie tharu, A. Suneetha & Uma maheswari bhrugubanda
260 ## - PUBLICATION, DISTRIBUTION, ETC. (IMPRINT)
Place of publication, distribution, etc Hyderabad
Name of publisher, distributor, etc Orient blackswan private limited
Date of publication, distribution, etc 2022
270 ## - ADDRESS
Address 3-6-752, Himayatnagarm, telangana
City hyderabad
Postal code 500029
Electronic mail address info@orientblackswan.com
300 ## - PHYSICAL DESCRIPTION
Extent 169p.
Dimensions 25cm(pbk)
700 ## - ADDED ENTRY--PERSONAL NAME
Personal name Tharu, Susie
700 ## - ADDED ENTRY--PERSONAL NAME
Personal name Suneetha, A.
700 ## - ADDED ENTRY--PERSONAL NAME
Personal name Bhrugubanda, Uma Maheswari
942 ## - ADDED ENTRY ELEMENTS (KOHA)
Source of classification or shelving scheme Dewey Decimal Classification
Item type English Books
Classification part 305.420954
Call number suffix WOR
Holdings
Withdrawn status Lost status Not for loan Collection code Home library Current library Date acquired Source of acquisition Cost, normal purchase price Full call number Barcode Copy number Cost, replacement price Koha item type
      Non-fiction Ashok Vihar Ashok Vihar 29/08/2022 DBAD/PUB 195.00 305.420954 WOR EN-118297 1 195.00 English Books

© Delhi Public Library
Hit Counter
free hit counter